| 000 | 01120cam a2200325 4500 | ||
|---|---|---|---|
| 001 | 9205 | ||
| 005 | 20230410101949.0 | ||
| 008 | 060907n1983 dr ach b 001 0 spa d | ||
| 035 | _9DLC) 84123079 | ||
| 010 | _a84123079 | ||
| 040 |
_aDLC _cDLC _dDLC |
||
| 041 | _aspa | ||
| 043 | _anwdr--- | ||
| 050 | 1 | 4 |
_a118 F 1938.55 _bV297v 1983 |
| 082 | 0 | 0 | _a972.93/054 |
| 100 | 1 | _aVargas, José Rafael. | |
| 245 | 1 | 0 |
_aValió la pena el Golpe de Estado contra Bosch? / _cJosé Rafael Vargas; presentación por Silvio Herasme Peña. |
| 260 |
_aSanto Domingo, R.D. : _bUniversidad CETEC, _c1983. |
||
| 300 |
_a317 p.: _bill. ports.; facsm.; _c22cm. |
||
| 440 | 0 |
_aPublicaciones de la Universidad CETEC; _v26 / Serie Ensayos; _vNo. 15. |
|
| 504 | _aIncludes bibliographical references (p.315-317) and index | ||
| 600 | 1 | 0 |
_aBosch, Juan, _d1909-2001 |
| 650 | 0 |
_aDominican Republic _xHistory _yCoup d'état, 1963. |
|
| 651 | 4 |
_aRepública Dominicana _xHistoria _yGolpe de estado 1963 |
|
| 650 | 4 | _aCFB | |
| 650 | 4 | _aColección Font Bernard | |
| 700 | 1 |
_aHerasme Peña, Silvio _epresnt. |
|
| 942 |
_2lcc _cbk |
||
| 946 | _aPP | ||
| 999 |
_c16513 _d16513 |
||